000 00781nam a2200181 a 4500
001 000010687
005 20200929162256.0
008 091009s1987 dr a 001 0 spa d
040 _aDO-SdBNP
041 1 7 _aspa
_2eng
082 _axxxx
_bE821m
100 1 _aEstrada Torres, Aristides
_923023
245 1 0 _aManual médico para viajeros e inmigrantes = Medical manual for travelers and immigrants :
_bcódigo para consultas con médicos extranjeros. Intrucciones para casos de emergencia. Notas importantes =code for consultation with fareign physicians. Instructians for emergency cases. Importants notes /
_cAristides Estrada Torres.
260 _aSanto Domingo :
_aTaller,
_c1987.
300 _a159 p. :
_bil. ;
_c21 cm.
500 _aTexto en inglés y español
049 _aBNPD
999 _c10442
_d10442